Equipes n'ayant pas perdu de matchs en Coupe du Monde de Football (sur une édition) - Statistiques

Statistiques générales
  • Ce quiz a été pris 1 218 fois
    1 049 depuis la dernière actualisation
  • Le résultat moyen est 13 sur 19
Statistiques - réponses
Réponse % Correct
France
99%
Brésil
97%
Allemagne
96%
RFA
96%
Italie
94%
Argentine
93%
Espagne
93%
Uruguay
92%
Angleterre
89%
Pays-Bas
82%
Belgique
69%
Suisse
55%
Mexique
52%
Danemark
51%
Costa Rica
30%
Irlande
25%
Cameroun
22%
Ecosse
19%
Nouvelle-Zélande
12%
Aucun quiz correspondant
Distribution des résultats
% des personnes avec chaque résultat
Percentile par nombre de réponses
Votre historique - résultats
Vous n’avez pas pris ce quiz depuis la dernière actualisation